Soil management : (Record no. 1063)

MARC details
000 -LEADER
fixed length control field 01068nam a22002777a 4500
005 - DATE AND TIME OF LATEST TRANSACTION
control field 20240326135642.0
008 - FIXED-LENGTH DATA ELEMENTS--GENERAL INFORMATION
fixed length control field 240325b |||||||| |||| 00| 0 eng d
015 ## - NATIONAL BIBLIOGRAPHY NUMBER
National bibliography number GBA4X1832
Source bnb
016 7# - NATIONAL BIBLIOGRAPHIC AGENCY CONTROL NUMBER
Record control number 012879205
Source Uk
020 ## - INTERNATIONAL STANDARD BOOK NUMBER
International Standard Book Number 0340807113 (pbk.)
035 ## - SYSTEM CONTROL NUMBER
System control number (OCoLC)ocm56456707
040 ## - CATALOGING SOURCE
Original cataloging agency UKM
Transcribing agency KMU
Modifying agency KMU
-- DLC
042 ## - AUTHENTICATION CODE
Authentication code lccopycat
050 00 - LIBRARY OF CONGRESS CALL NUMBER
Classification number S591 Ful
100 1# - MAIN ENTRY--PERSONAL NAME
Personal name Fullen, M. A.
245 10 - TITLE STATEMENT
Title Soil management :
Remainder of title problems and solutions /
Statement of responsibility, etc. Michael A. Fullen and John A. Catt.
260 ## - PUBLICATION, DISTRIBUTION, ETC.
Place of publication, distribution, etc. London :
Name of publisher, distributor, etc. Arnold ;
Place of publication, distribution, etc. New York :
Name of publisher, distributor, etc. Distributed in the U.S. by Oxford University Press,
Date of publication, distribution, etc. 2004.
300 ## - PHYSICAL DESCRIPTION
Extent xviii, 269 p. :
Other physical details ill., maps ;
Dimensions 25 cm.
504 ## - BIBLIOGRAPHY, ETC. NOTE
Bibliography, etc. note Includes bibliographical references (p. [207]-258) and index.
650 #0 - SUBJECT ADDED ENTRY--TOPICAL TERM
Topical term or geographic name entry element Soil management.
700 1# - ADDED ENTRY--PERSONAL NAME
Personal name Catt, J. A.
856 42 - ELECTRONIC LOCATION AND ACCESS
Materials specified Publisher description
Uniform Resource Identifier <a href="http://www.loc.gov/catdir/enhancements/fy0627/2005295039-d.html">http://www.loc.gov/catdir/enhancements/fy0627/2005295039-d.html</a>
906 ## - LOCAL DATA ELEMENT F, LDF (RLIN)
a 7
b cbc
c copycat
d 2
e ncip
f 20
g y-gencatlg
942 ## - ADDED ENTRY ELEMENTS (KOHA)
Source of classification or shelving scheme Library of Congress Classification
Koha item type Non-Fiction
Suppress in OPAC No
Holdings
Withdrawn status Lost status Source of classification or shelving scheme Damaged status Not for loan Collection Home library Current library Shelving location Date acquired Source of acquisition Total Checkouts Full call number Barcode Date last seen Date last checked out Price effective from Koha item type
    Library of Congress Classification     Non-fiction Kapasa Makasa University Kapasa Makasa University Open Access 25.03.2024 Book Aid 1 S 591 Ful 739928 27.08.2024 13.08.2024 25.03.2024 Non-Fiction